Who Moved my cheese (Record no. 2638)

MARC details
000 -LEADER
fixed length control field 00384nam a22001697a 4500
005 - DATE AND TIME OF LATEST TRANSACTION
control field 20160614120746.0
008 - FIXED-LENGTH DATA ELEMENTS--GENERAL INFORMATION
fixed length control field 160614b xxu||||| |||| 00| 0 eng d
020 ## - INTERNATIONAL STANDARD BOOK NUMBER
ISBN 0780091816971
041 ## - LANGUAGE CODE
Language code of text/sound track or separate title eng
082 ## - DEWEY DECIMAL CLASSIFICATION NUMBER
Item number 7404
100 ## - MAIN ENTRY--AUTHOR NAME
Personal name Spencer, Johnsen
245 ## - TITLE STATEMENT
Title Who Moved my cheese
260 ## - PUBLICATION, DISTRIBUTION, ETC. (IMPRINT)
Name of publisher Vernielion
Year of publication 2002
300 ## - PHYSICAL DESCRIPTION
Number of Pages 96
650 ## - SUBJECT ADDED ENTRY--TOPICAL TERM
Topical Term Management
942 ## - ADDED ENTRY ELEMENTS (KOHA)
Koha item type Books
Holdings
Lost status Damaged status Collection code Home library Current library Shelving location Date acquired Cost, normal purchase price Full call number Accession Number Koha item type
    LIFE SKILL JRU Library JRU Library SHELF-102-E 14/06/2016 665.00 158.1 7404 Books
    LIFE SKILL JRU Library JRU Library SHELF-102-E 14/06/2016 665.00 158.1 7405 Books